000 01088nam a2200313 a 4500
001 63335
003 BD-RjUL
005 20211209081201.0
008 170129s1991 nyua b 000 0 eng
020 _a0393959031
035 _a(BD-RjUL)63464
040 _aDLC
_cDLC
_dBD-RjUL
_beng
041 _aeng
082 0 0 _a823.8
_223
_bHAT 1991
100 1 _aHardy, Thomas,
_d1840-1928.
_9188480
245 1 0 _aTess of the d'Urbervilles :
_bauthoritative text /
_cThomas Hardy ; backgrounds and sources, criticism, edited by Scott Elledge.
250 _a3rd ed.
260 _aNew York :
_bNorton,
_cc1991.
300 _axix, 490 p. :
_bill. ;
_c21 cm.
490 0 _aA Norton critical edition
504 _aIncludes bibliographical references
600 1 0 _aHardy, Thomas,
_d1840-1928.
_tTess of the d'Urbervilles.
_9188481
650 0 0 _aTriangles (Interpersonal relations)
_vFiction.
_9186453
650 0 _aMan-woman relationships
_vFiction.
_9186416
700 1 _aElledge, Scott.
_9188482
830 _aA Norton critical edition
_9185670
942 _2ddc
_cBK
999 _c63335
_d63335